Interpretation of Statutes : (Record no. 619145)

MARC details
000 -LEADER
fixed length control field 00490nam a2200193 a 4500
008 - FIXED-LENGTH DATA ELEMENTS--GENERAL INFORMATION
fixed length control field 260408s2006##################000#0#eng##
020 ## - INTERNATIONAL STANDARD BOOK NUMBER
ISBN 9788170128939
082 04 - DEWEY DECIMAL CLASSIFICATION NUMBER
Classification number 348.5404605
Item number SUR
100 1# - MAIN ENTRY--AUTHOR NAME
Personal name Gandhi, Bhanuprasad Manilal,
245 10 - TITLE STATEMENT
Title Interpretation of Statutes :
260 ## - PUBLICATION, DISTRIBUTION, ETC. (IMPRINT)
Year of publication 2006.
300 ## - PHYSICAL DESCRIPTION
Number of Pages 217 pages
650 #0 - SUBJECT ADDED ENTRY--TOPICAL TERM
Topical Term Law.
942 ## - ADDED ENTRY ELEMENTS (KOHA)
Koha item type English Books
Holdings
Withdrawn status Lost status Damaged status Not for loan Home library Current library Shelving location Date acquired Full call number Accession Number Price effective from Koha item type
        Anna Centenary Library Anna Centenary Library 4TH FLOOR, A WING 08.04.2026 348.5404605 SUR 114532 08.04.2026 English Books

Find us on the map